Statistics for 我的世界-Minecraft基础问答

Click here to take the quiz!

General Stats

  • This quiz has been taken 65 times
    (64 since last reset)
  • The average score is 12 of 15

Answer Stats

QuestionAnswer% Correct
哪个动物不存在于游戏中?
100%
游戏中不存在?圆形
100%
网易起诉了哪个盗版游戏?迷你世界
98%
《我的世界》中国版由哪个公司代理?网易(NetEase)
98%
哪个不是亡灵生物?苦力怕
92%
哪个矿石不存在于游戏中?黑曜石矿
92%
Mojang是哪个国家的瑞典
85%
当你在村民面前拿出绿宝石时,村民会?拿出自己卖的东西给玩家看
81%
我的世界网易版中死亡界面会显示什么?你失败了
81%
在哪里睡觉床不会爆炸?地牢
80%
Mojang工作室被哪个公司收购?微软(Microsoft)
80%
哪个更新从来没有过?末地更新
78%
哪个是调成生存模式的指令?/gamemode 0
53%
输入指令 /kick @s 后会发生什么?报错或没有权限
24%
网易我的世界目前更新到什么版本?1.19
15%

Score Distribution

Percentile by Number Answered

Percent of People with Each Score

Your Score History

You have not taken this quiz since the last reset